|
|
|
|
| LEADER |
01720nam a2200409 i 4500 |
| 001 |
EBC5374873 |
| 003 |
MiAaPQ |
| 005 |
20200520144314.0 |
| 006 |
m o d | |
| 007 |
cr cnu|||||||| |
| 008 |
180523s2018 enka o 000 0 eng d |
| 020 |
|
|
|z 9780128110652
|
| 020 |
|
|
|a 9780128110669 (e-book)
|
| 035 |
|
|
|a (MiAaPQ)EBC5374873
|
| 035 |
|
|
|a (Au-PeEL)EBL5374873
|
| 035 |
|
|
|a (CaPaEBR)ebr11552383
|
| 035 |
|
|
|a (OCoLC)1032810220
|
| 040 |
|
|
|a MiAaPQ
|b eng
|e rda
|e pn
|c MiAaPQ
|d MiAaPQ
|
| 050 |
|
4 |
|a HD9665.5
|b .M858 2018
|
| 082 |
0 |
|
|a 338.476151
|2 23
|
| 245 |
0 |
0 |
|a Multivariate analysis in the pharmaceutical industry /
|c edited by Ana Patricia Ferreira, Jose C. Menezes, Mike Tobyn.
|
| 264 |
|
1 |
|a London, United Kingdom :
|b Academic Press, an imprint of Elsevier,
|c [2018]
|
| 264 |
|
4 |
|c 2018
|
| 300 |
|
|
|a 1 online resource (465 pages) :
|b illustrations
|
| 336 |
|
|
|a text
|b txt
|2 rdacontent
|
| 337 |
|
|
|a computer
|b c
|2 rdamedia
|
| 338 |
|
|
|a online resource
|b cr
|2 rdacarrier
|
| 588 |
|
|
|a Description based on print version record.
|
| 590 |
|
|
|a Electronic reproduction. Ann Arbor, MI : ProQuest, 2018. Available via World Wide Web. Access may be limited to ProQuest affiliated libraries.
|
| 650 |
|
0 |
|a Pharmaceutical industry.
|
| 655 |
|
4 |
|a Electronic books.
|
| 700 |
1 |
|
|a Ferreira, Ana Patricia,
|e editor.
|
| 700 |
1 |
|
|a Menezes, Jose C.,
|e editor.
|
| 700 |
1 |
|
|a Tobyn, Mike,
|e editor.
|
| 776 |
0 |
8 |
|i Print version:
|t Multivariate analysis in the pharmaceutical industry.
|d London, United Kingdom : Academic Press, an imprint of Elsevier, c2018
|h 465 pages
|z 9780128110652
|
| 797 |
2 |
|
|a ProQuest (Firm)
|
| 856 |
4 |
0 |
|u https://ebookcentral.proquest.com/lib/matrademy/detail.action?docID=5374873
|z Click to View
|